Renaissance and Renewal in Christian History (Record no. 9665)
[ view plain ]
| 000 -LEADER | |
|---|---|
| fixed length control field | 00660nam a2200265 a 4500 |
| 020 ## - INTERNATIONAL STANDARD BOOK NUMBER | |
| ISBN | 0631809 |
| 082 00 - DEWEY DECIMAL CLASSIFICATION NUMBER | |
| Classification number | 262.0017 |
| Author Cutter | BAK |
| 100 ## - MAIN ENTRY--AUTHOR NAME | |
| Author name | Baker, Derek |
| 245 ## - TITLE STATEMENT | |
| Title | Renaissance and Renewal in Christian History |
| 260 ## - PUBLICATION, DISTRIBUTION, ETC. (IMPRINT) | |
| Place of publication | Oxford |
| Name of publisher | Blackwell Pub. Ltd |
| Year of publication | 1977 |
| 300 ## - PHYSICAL DESCRIPTION | |
| Number of Pages | 428p |
| 500 ## - GENERAL NOTE | |
| General note | includes index and biblioraphy |
| 505 2# - FORMATTED CONTENTS NOTE | |
| Formatted contents note | Index |
| 650 ## - SUBJECT ADDED ENTRY--TOPICAL TERM | |
| Topical Term | Church-History |
| 650 ## - SUBJECT ADDED ENTRY--TOPICAL TERM | |
| Topical Term | Church-Renewal |
| 650 ## - SUBJECT ADDED ENTRY--TOPICAL TERM | |
| Topical Term | Christianity |
| 942 ## - ADDED ENTRY ELEMENTS (KOHA) | |
| Koha item type | Books |
| 700 1# - | |
| -- | Baker, Derek |
| Home library | Current library | Date acquired | Cost, normal purchase price | Full call number | Accession Number | Koha item type |
|---|---|---|---|---|---|---|
| Henry Martyn Institute Library | Henry Martyn Institute Library | 07/11/2007 | 100.00 | 262.0017 BAK | 015024 | E-Books |
